000 00908nam a2200301 i 4500
001 000039355
003 DO-SdBNP
005 20251030151128.0
007 ta
008 091021s2001 dr 000 0 spa d
020 _a9993483702
040 _aDO-SdBNP
_bspa
_cBNPHU
_erda
041 _aspa
082 4 _aRD863.44
_bA282o 2001
_222
100 1 _aAguasvivas, Freddy,
_d1956-
_912355
_eautor
_4aut.
245 1 3 _aEl olor del olvido /
_cFreddy Aguasvivas
250 _aSegunda edición
264 1 _aSanto Domingo :
_bEditora Corripio,
_c2001.
300 _a336 páginas
_c24 cm.
336 _atexto
_btxt
_2rdacontent
337 _asin mediación
_bn
_2rdamedia
338 _avolumen
_bnc
_2rdacarrier
590 _aInventariado, 2022 / DG
650 4 _aNovela histórica dominicana.
_9860
650 0 _aLiteratura dominicana.
_967
910 _aDG/Validado Control de calidad MFF
942 _2ddc
_cLBS1
999 _c52999
_d52999